The logic of life : (Record no. 1291)

000 -LEADER
fixed length control field 02873nam a22006617a 4500
001 - CONTROL NUMBER
control field 12142125
003 - CONTROL NUMBER IDENTIFIER
control field LIBRIS
005 - DATE AND TIME OF LATEST TRANSACTION
control field 20210426100238.0
008 - FIXED-LENGTH DATA ELEMENTS--GENERAL INFORMATION
fixed length control field 110414s2008 nyu b 001 0 eng
010 ## - LIBRARY OF CONGRESS CONTROL NUMBER
LC control number 2007030233
020 ## - INTERNATIONAL STANDARD BOOK NUMBER
International Standard Book Number 9781400066421 (alk. paper)
020 ## - INTERNATIONAL STANDARD BOOK NUMBER
International Standard Book Number 1400066425 (alk. paper)
020 ## - INTERNATIONAL STANDARD BOOK NUMBER
International Standard Book Number 9780812977875 (pbk.)
035 ## - SYSTEM CONTROL NUMBER
System control number 14942027
035 ## - SYSTEM CONTROL NUMBER
System control number (OCoLC)ocn159822206
035 ## - SYSTEM CONTROL NUMBER
System control number (OCoLC)159822206
Canceled/invalid control number (OCoLC)154799952
040 ## - CATALOGING SOURCE
Original cataloging agency DLC
Transcribing agency DLC
Modifying agency BAKER
-- BTCTA
-- YDXCP
-- C#P
-- DLC
-- Kd
Language of cataloging eng
041 ## - LANGUAGE CODE
Language code of text/sound track or separate title eng
050 00 - LIBRARY OF CONGRESS CALL NUMBER
Classification number HB74.P8
Item number H375 2008
080 ## - UNIVERSAL DECIMAL CLASSIFICATION NUMBER
Universal Decimal Classification number 33
Item number H-25
082 00 - DEWEY DECIMAL CLASSIFICATION NUMBER
Classification number 339
Edition number 22
084 ## - OTHER CLASSIFICATION NUMBER
Classification number Qaa
Number source kssb/8 (machine generated)
100 1# - MAIN ENTRY--PERSONAL NAME
Personal name Harford, Tim,
Dates associated with a name 1973-
245 14 - TITLE STATEMENT
Title The logic of life :
Remainder of title the rational economics of an irrational world /
Statement of responsibility, etc. / by: Random House
250 ## - EDITION STATEMENT
Edition statement 1st edition
260 ## - PUBLICATION, DISTRIBUTION, ETC.
Place of publication, distribution, etc. New York
Name of publisher, distributor, etc. Random House
Date of publication, distribution, etc. c2008.
300 ## - PHYSICAL DESCRIPTION
Extent xiv, 255 p.
Dimensions 25 cm.
365 ## - TRADE PRICE
Price amount 25 usd
504 ## - BIBLIOGRAPHY, ETC. NOTE
Bibliography, etc. note Includes bibliographical references (p. [217]-244) and index.
505 0# - FORMATTED CONTENTS NOTE
Formatted contents note Introducing the logic of life -- Las Vegas -- Is divorce underrated? -- Why your boss is overpaid -- In the neighbourhood -- The dangers of rational racism -- The world is spiky -- Rational revolutions -- A million years of logic.
650 #7 - SUBJECT ADDED ENTRY--TOPICAL TERM
Topical term or geographic name entry element Nationalekonomi
General subdivision psykologiska aspekter
Source of heading or term sao
650 #7 - SUBJECT ADDED ENTRY--TOPICAL TERM
Topical term or geographic name entry element Ekonomiska teorier
Source of heading or term sao
Authority record control number or standard number 143977
650 #0 - SUBJECT ADDED ENTRY--TOPICAL TERM
Topical term or geographic name entry element Economics
General subdivision Psychological aspects.
650 #0 - SUBJECT ADDED ENTRY--TOPICAL TERM
Topical term or geographic name entry element Rational expectations (Economic theory)
650 #0 - SUBJECT ADDED ENTRY--TOPICAL TERM
Topical term or geographic name entry element Economics
650 #0 - SUBJECT ADDED ENTRY--TOPICAL TERM
Topical term or geographic name entry element Schools of economics
653 ## - INDEX TERM--UNCONTROLLED
Uncontrolled term ეკონომიკა
856 41 - ELECTRONIC LOCATION AND ACCESS
Materials specified Table of contents only
Uniform Resource Identifier <a href="http://www.loc.gov/catdir/toc/ecip0723/2007030233.html">http://www.loc.gov/catdir/toc/ecip0723/2007030233.html</a>
856 42 - ELECTRONIC LOCATION AND ACCESS
Materials specified Contributor biographical information
Uniform Resource Identifier <a href="http://www.loc.gov/catdir/enhancements/fy0826/2007030233-b.html">http://www.loc.gov/catdir/enhancements/fy0826/2007030233-b.html</a>
856 42 - ELECTRONIC LOCATION AND ACCESS
Materials specified Publisher description
Uniform Resource Identifier <a href="http://www.loc.gov/catdir/enhancements/fy0826/2007030233-d.html">http://www.loc.gov/catdir/enhancements/fy0826/2007030233-d.html</a>
856 41 - ELECTRONIC LOCATION AND ACCESS
Materials specified Sample text
Uniform Resource Identifier <a href="http://www.loc.gov/catdir/enhancements/fy0826/2007030233-s.html">http://www.loc.gov/catdir/enhancements/fy0826/2007030233-s.html</a>
942 ## - ADDED ENTRY ELEMENTS (KOHA)
Source of classification or shelving scheme
Koha item type Books
Edition 1
Holdings
Withdrawn status Lost status Source of classification or shelving scheme Damaged status Not for loan Permanent location Current location Date acquired Inventory number Total Checkouts Full call number Barcode Date last seen Price effective from Koha item type
          Ken Walker International University Ken Walker International University 02/10/2021 1368   33 H-25 1368 02/10/2021 02/10/2021 Books

Powered by Koha